000
00282nam a2200121Ia 4500
008
190216s9999||||xx |||||||||||||| ||und||
100
_a
Gurdeep Raj
245
0
_a
Advanced Inorganic Chemistry
260
_b
Goel Pub House
_c
2002
300
_a
1080
650
_a
Chemistry
942
_c
BK
999
_c
3249
_d
3249